000
00267nam a22001217a 4500
008
180104b xxu||||| |||| 00| 0 eng d
041
_a
eng
080
_a
338
100
_a
52
101
_a
MAN
245
_a
THE PROGRESS OF MANAGEMENT
_c
WARREN.L
942
_2
udc
_c
BK
999
_c
39672
_d
39672